Le livre de Christophe Colomb / (Record no. 44730)

MARC details
000 -LEADER
campo de control de longitud fija 00504nam a2200193 i 4500
001 - NÚMERO DE CONTROL
campo de control 44730
003 - IDENTIFICADOR DE NÚMERO DE CONTROL
campo de control ES-MaACL
005 - FECHA Y HORA DE LA ÚLTIMA TRANSACCIÓN
campo de control 20260617125143.0
007 - CAMPO FIJO DE DESCRIPCIÓN FÍSICA--INFORMACIÓN GENERAL
campo de control de longitud fija t|
008 - DATOS DE LONGITUD FIJA--INFORMACIÓN GENERAL
campo de control de longitud fija 030324s1935 fr ||||1| fre d
080 ## - NÚMERO DE LA CLASIFICACIÓN DECIMAL UNIVERSAL
Número de la Clasificación Decimal Universal 821.133.1-24"19"
100 ## - ENTRADA PRINCIPAL--NOMBRE DE PERSONA
Nombre de persona Claudel, Paul,
Fechas asociadas al nombre 1868-1955
9 (RLIN) 239252
245 13 - MENCIÓN DEL TÍTULO
Título Le livre de Christophe Colomb /
Mención de responsabilidad, etc. Paul Claudel.
250 ## - MENCION DE EDICION
Mención de edición 5ème ed.
260 ## - PUBLICACIÓN, DISTRIBUCIÓN, ETC.
Lugar de publicación, distribución, etc. Paris :
Nombre del editor, distribuidor, etc. Gallimard,
Fecha de publicación, distribución, etc. [1939]
300 ## - DESCRIPCIÓN FÍSICA
Extensión 247 p. ;
Dimensiones 19 cm.
852 ## - LOCALIZACIÓN
Ubicación ES-MaACL
Número de control de estantería A-4516
Holdings
Estatus retirado Estado de pérdida Estado de daño No para préstamo Biblioteca de origen Biblioteca actual Ubicación en estantería Fecha de adquisición Fuente de adquisición Total de préstamos Signatura topográfica completa Código de barras Visto por última vez Precio de reemplazo Tipo de ítem Koha
        Biblioteca del Ateneo de Madrid Biblioteca del Ateneo de Madrid Sala Pecera Planta 1 17/01/2008     A-4516 1047076 23/02/2023 23/02/2023 Libro impreso